| 000 | 006190000a22001810004500 | ||
|---|---|---|---|
| 003 | MACL | ||
| 005 | 20160513154611.0 | ||
| 008 | 160513b xxu||||| |||| 00| 0 eng d | ||
| 040 |
_aMACL _cMACL |
||
| 041 | _aHindi | ||
| 082 | _a891.431 SIN | ||
| 100 |
_aसिंह, मान बहादुर _956840 |
||
| 245 |
_aलेखपाल तथा अन्य कविताऍ _cमान बहादुर सिंह |
||
| 260 |
_bप्रकाशन संस्थान _c1989 _aनई दिल्ल्ी |
||
| 350 | _a30 | ||
| 650 |
_aPoetry _956841 |
||
| 942 |
_cHIN _k891.431/SIN/P _2ddc |
||
| 999 |
_c21437 _d21437 |
||